000 00631nam a2200205Ia 4500
008 241004s9999 xx 000 0 und d
020 _a9781544330143
037 _aTextbook
040 _aARTS
_beng
_cARTS
041 _aeng
_2eng
084 _aG:55.1 R0
_qARTS
100 _aAxelrod Regina S. Ed.; VanDeveer Stacy D. Ed.
_9724694
245 _aGlobal environment: institutions, law and policy
_cAxelrod Regina S. Ed.; VanDeveer Stacy D. Ed.
250 _a5th
260 _aUSA
_bCalifoirnia Sage
_c2020
300 _axxiii,454p.
365 _aUSD
_b60
942 _cTB
_hG:55.1 R0
999 _c1218845
_d1218845